Valtatie 4 -kunnat - Statistics

Yleistilastot
  • Tätä visaa on pelattu 289 kertaa
  • Keskiarvotulos 30 / 37
Vastaustilastot
% Oikein
Jyväskylä
97%
Helsinki
95%
Oulu
95%
Rovaniemi
94%
Lahti
93%
Vantaa
93%
Kemi
91%
Utsjoki
91%
Heinola
88%
Äänekoski
86%
Inari
86%
Kempele
86%
Kerava
86%
Viitasaari
86%
Sodankylä
85%
Järvenpää
84%
Pihtipudas
84%
Ii
82%
Keminmaa
82%
Liminka
81%
Tervola
81%
Tuusula
81%
Simo
80%
Laukaa
79%
Mäntsälä
79%
Hartola
78%
Hollola
78%
Joutsa
76%
Sipoo
75%
Sysmä
74%
Orimattila
73%
Kärsämäki
71%
Siikalatva
71%
Pyhäjärvi
70%
Toivakka
70%
Tyrnävä
69%
Uurainen
66%
Ehtoja vastaavia visoja ei löytynyt
Tulosjakauma
Jokaisen tuloksen saaneiden osuus
Persentiili vastausten määrän mukaan
Tuloshistoriasi
Et ole pelannut tätä visaa